000 00393nam a2200169Ia 4500
008 210210b1934 xxu||||| |||| 00| 0 eng d
041 _aeng
082 _a822/699
100 _aLOANNE
245 _aSelected English essays
260 _aLondon
_bJ M Dent & Sons Ltd.
_c1934
650 _aSelected
650 _aessays
650 _aEnglish
690 _aEnglish Prose
906 _a012883
999 _c131712
_d131712